000 00176nam a22000617a 4500
999 _c23939
_d23939
003 Nust
005 20170224162456.0
008 140425b xxu||||| |||| 00| 0 eng d
040 _aDLC
_bDLC
_cRCMS
082 _a005.8WHI
100 _aWhitman, Michael E.
245 _aPrinciples of Information Security
_cWhitman, Michael E.
856 _3Table of contents only
_uhttp://www.loc.gov/catdir/toc/ecip0716/2007017469.html
942 _2ddc
_cBK